| 000 | 00941nam a2200289 c 4500 | ||
|---|---|---|---|
| 999 |
_c342919 _d342919 |
||
| 003 | BLK | ||
| 005 | 20210622085801.0 | ||
| 008 | 180911b bul|||||r ||||||| ||bul|| | ||
| 010 | _a002580 | ||
| 040 | _aBLK | ||
| 041 |
_aBUL _cBUL |
||
| 080 | _z882-32 | ||
| 100 | 1 |
_aТУРГЕНЕВ, Иван _eпърви автор _9397751 |
|
| 245 | 0 | 0 | _aИз "Записки на един ловец" |
| 246 | _pепос-разкази | ||
| 260 |
_aСофия _bЩаб на действующата армия _c1917 |
||
| 300 |
_a216 с _c16 см |
||
| 380 | _a82 | ||
| 490 | _aПоходна войнишка библ | ||
| 490 |
_aЧастна колекция - Академик Михаил Арнаудов _gДарение - Основен фонд |
||
| 653 | _aепос | ||
| 653 | _aразкази | ||
| 655 |
_aруска литература _9396387 |
||
| 700 | 1 |
_aИ. С. Тургенев _9458448 |
|
| 852 | _aМА 2090 | ||
| 852 |
_aЦб 8.155.5324 _bО |
||
| 942 |
_cKNG _n0 _s1 |
||
| 944 |
_aCR _c1997 _kGGG |
||
| 999 | _d342919 | ||